| 000 | 00465nam a2200181Ia 4500 | ||
|---|---|---|---|
| 001 | 1660 | ||
| 005 | 20260306143744.0 | ||
| 008 | 260306t2017||||xx |||||||||||||| ||spa|| | ||
| 041 | _aESP | ||
| 082 |
_a153.9 _bV935 |
||
| 100 |
_aVelasco Wong, Laura _eAUT |
||
| 245 | 0 | _aLas inteligencias múltiples a través del juego como método educativo | |
| 260 | _c2017 | ||
| 300 |
_a82 páginas : _c24 cm. |
||
| 650 | _aGEN | ||
| 654 | _aCPS | ||
| 942 |
_cLIB _dJUS _fJUS _2ddc _n |
||
| 999 |
_c1660 _d1660 |
||